[Event "Magnus Carlsen Inv Prelim"]
[Site "chess24.com INT"]
[Date "2021.03.13"]
[Round "1.1"]
[White "Radjabov, Teimour"]
[Black "Giri, Anish"]
[Result "1/2-1/2"]
[WhiteTitle "GM"]
[BlackTitle "GM"]
[WhiteElo "2765"]
[BlackElo "2776"]
[WhiteFideId "13400924"]
[BlackFideId "24116068"]
[EventDate "2021.03.13"]

1. d4 Nf6 2. c4 e6 3. Nf3 d5 4. Nc3 Bb4 5. Bg5 h6 6. Bxf6 Qxf6 7. e3 O-O 8. Rc1
dxc4 9. Bxc4 c5 10. a3 Bxc3+ 11. Rxc3 Rd8 12. Rd3 cxd4 13. Rxd4 Nc6 14. Rxd8+
Qxd8 15. Qxd8+ Nxd8 16. Ke2 Bd7 17. Rd1 Be8 18. Bd3 Rc8 19. Kd2 Kf8 20. Rc1 Rxc1
21. Kxc1 Ke7 22. Kd2 Kd6 23. Nd4 Nc6 24. Nxc6 Bxc6 25. g3 a5 26. b4 axb4 27.
axb4 b6 28. Kc3 e5 29. f4 f6 30. Kd2 g5 31. Kc3 Bd5 32. Kd2 Bc6 33. Kc3 Bd5 34.
Kd2 Bc6 35. Kc3 1/2-1/2

[Event "Magnus Carlsen Inv Prelim"]
[Site "chess24.com INT"]
[Date "2021.03.13"]
[Round "1.2"]
[White "Pichot, Alan"]
[Black "Karjakin, Sergey"]
[Result "1/2-1/2"]
[WhiteTitle "GM"]
[BlackTitle "GM"]
[WhiteElo "2630"]
[BlackElo "2757"]
[WhiteFideId "110973"]
[BlackFideId "14109603"]
[EventDate "2021.03.13"]

1. e4 e5 2. Nf3 Nc6 3. Bc4 Bc5 4. c3 Nf6 5. d4 exd4 6. e5 d5 7. Bb5 Ne4 8. cxd4
Bb6 9. Nc3 O-O 10. Be3 Bg4 11. h3 Bh5 12. Qc2 Nxc3 13. bxc3 f6 14. exf6 Qxf6 15.
Be2 Na5 16. O-O Bxf3 17. Bxf3 c6 18. Rae1 Nc4 19. Bc1 Bc7 20. Be2 Qd6 21. f4 b5
22. Bd3 g6 23. g3 Rae8 24. Kg2 Qd7 25. Qd1 Nd6 26. Ba3 Rxe1 27. Rxe1 Re8 28.
Bxd6 Rxe1 29. Qxe1 Bxd6 30. Qe2 Qe7 31. Qxe7 Bxe7 32. Kf3 Kf7 33. Ke3 a5 34. Be2
Ke6 35. Kd3 Kd6 36. Bf3 Bf6 37. Bg2 Bg7 38. Bf3 Bf6 39. Bg2 Bg7 40. Bf3 Bf6 1/2-1/2

[Event "Magnus Carlsen Inv Prelim"]
[Site "chess24.com INT"]
[Date "2021.03.13"]
[Round "1.3"]
[White "So, Wesley"]
[Black "Nepomniachtchi, Ian"]
[Result "0-1"]
[WhiteTitle "GM"]
[BlackTitle "GM"]
[WhiteElo "2770"]
[BlackElo "2789"]
[WhiteFideId "5202213"]
[BlackFideId "4168119"]
[EventDate "2021.03.13"]

1. e4 g6 2. d4 Bg7 3. Nc3 d6 4. Be3 a6 5. Qd2 b5 6. O-O-O Nd7 7. h4 h6 8. f3 Nb6
9. Bd3 Bb7 10. Nh3 e6 11. g4 Ne7 12. Kb1 Nc6 13. Ne2 Qe7 14. Nf2 O-O-O 15. b3
Kb8 16. f4 f5 17. h5 fxe4 18. Bxe4 gxh5 19. Rxh5 Rhf8 20. Nd3 Qe8 21. Re1 Ne7
22. Bxb7 Kxb7 23. Nc3 Ned5 24. Nxd5 Nxd5 25. f5 exf5 26. Bxh6 Bxh6 27. Rxh6 Qf7
28. Qg2 fxg4 29. Nb4 c6 30. Nxd5 Qxd5 31. Qxg4 Rf7 32. Qh4 Rfd7 33. Re7 Kc7 34.
Rhh7 c5 35. Qe1 b4 36. a3 Qxd4 37. axb4 Qxb4 38. Qe6 Qb5 39. Kb2 Qc6 40. c4 Rxe7
41. Rxe7+ Rd7 42. Re8 Kb7 43. Qg8 Ka7 44. Qh8 Qb7 45. Re2 Rf7 46. Qd8 Rd7 47.
Qh8 a5 48. Qe8 a4 49. Re3 d5 50. Qf8 Qb4 51. Re7 Qxb3+ 52. Ka1 Qc3+ 53. Kb1 Qd3+
54. Ka1 Qd1+ 55. Kb2 a3+ 56. Kxa3 Qc1+ 57. Ka2 Qxc4+ 58. Ka1 Qa6+ 0-1

[Event "Magnus Carlsen Inv Prelim"]
[Site "chess24.com INT"]
[Date "2021.03.13"]
[Round "1.4"]
[White "Aronian, Levon"]
[Black "Mamedyarov, Shakhriyar"]
[Result "0-1"]
[WhiteTitle "GM"]
[BlackTitle "GM"]
[WhiteElo "2781"]
[BlackElo "2770"]
[WhiteFideId "13300474"]
[BlackFideId "13401319"]
[EventDate "2021.03.13"]

1. e4 e5 2. Nf3 d6 3. d4 exd4 4. Qxd4 Nf6 5. Nc3 Be7 6. Bg5 h6 7. Bh4 O-O 8. h3
Nc6 9. Qe3 Re8 10. O-O-O Be6 11. g4 a6 12. Rg1 b5 13. g5 Nh7 14. Nd5 Bxd5 15.
Rxd5 Nb4 16. gxh6 Bxh4 17. Rxg7+ Kh8 18. Rf5 Bf6 19. Rxf7 Rf8 20. Rxf8+ Qxf8 21.
e5 dxe5 22. Nxe5 Qg8 23. Qf3 Re8 24. Ng4 Qxa2 25. Kd2 Qa1 26. Ne3 Bxb2 27. Bd3
Bc3+ 0-1

[Event "Magnus Carlsen Inv Prelim"]
[Site "chess24.com INT"]
[Date "2021.03.13"]
[Round "2.2"]
[White "Carlsen, Magnus"]
[Black "Vachier-Lagrave, Maxime"]
[Result "1-0"]
[WhiteTitle "GM"]
[BlackTitle "GM"]
[WhiteElo "2847"]
[BlackElo "2758"]
[WhiteFideId "1503014"]
[BlackFideId "623539"]
[EventDate "2021.03.13"]

1. c3 b6 2. e4 Bb7 3. d3 e6 4. Nd2 d5 5. Ngf3 Nf6 6. e5 Nfd7 7. d4 c5 8. h4 Nc6
9. Bd3 cxd4 10. cxd4 Nb4 11. Be2 Qc8 12. O-O Ba6 13. Bxa6 Qxa6 14. Ne1 Rc8 15.
h5 Be7 16. a3 Nc6 17. Qg4 g5 18. Ndf3 h6 19. Be3 Qe2 20. b4 Nd8 21. Qh3 f5 22.
exf6 Nxf6 23. Ne5 Qxh5 24. Qxh5+ Nxh5 25. N1d3 Bd6 26. Rfc1 Rxc1+ 27. Rxc1 Rh7
28. Rc8 Rc7 29. Ra8 Nf6 30. b5 Ke7 31. Ng6+ Kd7 32. Nde5+ Bxe5 33. Nxe5+ Ke7 34.
Bd2 1-0

[Event "Magnus Carlsen Inv Prelim"]
[Site "chess24.com INT"]
[Date "2021.03.13"]
[Round "2.3"]
[White "Anton Guijarro, David"]
[Black "Van Foreest, Jorden"]
[Result "0-1"]
[WhiteTitle "GM"]
[BlackTitle "GM"]
[WhiteElo "2673"]
[BlackElo "2701"]
[WhiteFideId "2285525"]
[BlackFideId "1039784"]
[EventDate "2021.03.13"]

1. d4 d5 2. c4 e6 3. Nc3 c5 4. cxd5 cxd4 5. Qa4+ Bd7 6. Qxd4 exd5 7. Qxd5 Nf6 8.
Qd1 Bc5 9. e3 O-O 10. Nf3 Qe7 11. Be2 Rd8 12. Qc2 Nc6 13. a3 Rac8 14. O-O Bd6
15. Bd2 Ne5 16. Rad1 Bc7 17. Bc1 h5 18. Nd4 Nc6 19. h3 Nxd4 20. Rxd4 Qe5 21. f4
Qe7 22. Bf3 Bb6 23. Rb4 Bc6 24. Bxc6 Rxc6 25. Kh1 Ba5 26. Ra4 Bxc3 27. bxc3 b5
28. Rb4 Qc5 29. a4 Qxb4 0-1

[Event "Magnus Carlsen Inv Prelim"]
[Site "chess24.com INT"]
[Date "2021.03.13"]
[Round "2.6"]
[White "Nepomniachtchi, Ian"]
[Black "Aronian, Levon"]
[Result "0-1"]
[WhiteTitle "GM"]
[BlackTitle "GM"]
[WhiteElo "2789"]
[BlackElo "2781"]
[WhiteFideId "4168119"]
[BlackFideId "13300474"]
[EventDate "2021.03.13"]

1. e4 e5 2. f4 exf4 3. Bc4 Nf6 4. Nc3 c6 5. d4 d5 6. exd5 cxd5 7. Bb3 Bd6 8.
Nge2 Bg4 9. Qd3 O-O 10. O-O f3 11. gxf3 Bh3 12. Rf2 Nbd7 13. Bg5 Qb6 14. f4 Bg4
15. Rg2 Rfe8 16. Rf1 Bf8 17. h3 Bxe2 18. Nxe2 a5 19. a4 Re4 20. Kh1 Rae8 21. Ng3
Rxd4 22. Qf3 Rb4 23. Nf5 g6 24. Bxd5 Nxd5 25. Qxd5 Nf6 26. Bxf6 Qxf6 27. b3 Kh8
28. Ng3 Rxf4 29. Rxf4 Qxf4 30. Qxa5 Bd6 31. Qc3+ f6 32. Kg1 Bb4 33. Ne2 Qh4 34.
Qg3 Bc5+ 35. Kf1 Qe4 36. Qf4 Qxc2 37. Qc1 Qf5+ 38. Qf4 Qd3 39. Qg3 Qb1+ 40. Qe1
Qf5+ 0-1

[Event "Magnus Carlsen Inv Prelim"]
[Site "chess24.com INT"]
[Date "2021.03.13"]
[Round "2.7"]
[White "Karjakin, Sergey"]
[Black "So, Wesley"]
[Result "0-1"]
[WhiteTitle "GM"]
[BlackTitle "GM"]
[WhiteElo "2757"]
[BlackElo "2770"]
[WhiteFideId "14109603"]
[BlackFideId "5202213"]
[EventDate "2021.03.13"]

1. e4 e5 2. Nf3 Nc6 3. Bc4 Nf6 4. d3 Bc5 5. c3 O-O 6. O-O d6 7. Nbd2 a5 8. Re1
Be6 9. Bb5 Qb8 10. Bxc6 bxc6 11. Nf1 h6 12. Ng3 Re8 13. h3 a4 14. Nh4 Kh7 15.
Nhf5 Ng8 16. Qd2 Qd8 17. Kh2 h5 18. d4 Bb6 19. Nxh5 g6 20. Nh6 gxh5 21. Nxg8
Kxg8 22. Qh6 Bd7 23. Bg5 Re6 24. Qxh5 Qf8 25. dxe5 dxe5 26. Rad1 Be8 27. Qh4 Rg6
28. Be3 Bxe3 29. Rxe3 Qh6 30. Qe7 Qg5 31. Qxg5 Rxg5 32. g4 Rb8 33. Rd2 Rg6 34.
Red3 Rd6 35. Rxd6 cxd6 36. Kg3 Kf8 37. g5 Ke7 38. h4 Bd7 39. f4 Be6 40. a3 exf4+
41. Kxf4 Rh8 42. Kg3 c5 43. Rd1 Bc4 44. Rh1 Be2 45. Kf4 Ke6 46. Rh2 Bh5 47. Rd2
Bg6 48. Rh2 f6 49. gxf6 Kxf6 50. Rh3 Rh5 51. c4 Ke6 52. Rh2 Kf6 53. Rh3 Bf7 54.
Rc3 Rxh4+ 0-1

[Event "Magnus Carlsen Inv Prelim"]
[Site "chess24.com INT"]
[Date "2021.03.13"]
[Round "2.8"]
[White "Radjabov, Teimour"]
[Black "Pichot, Alan"]
[Result "1/2-1/2"]
[WhiteTitle "GM"]
[BlackTitle "GM"]
[WhiteElo "2765"]
[BlackElo "2630"]
[WhiteFideId "13400924"]
[BlackFideId "110973"]
[EventDate "2021.03.13"]

1. Nf3 Nf6 2. c4 e6 3. d4 d5 4. Nc3 dxc4 5. Qa4+ c6 6. Qxc4 b5 7. Qb3 a6 8. e4
c5 9. e5 c4 10. Qc2 Nd5 11. Be2 Bb7 12. O-O Be7 13. a4 Qb6 14. Rd1 h6 15. Nxd5
Bxd5 16. Be3 Qb7 17. axb5 axb5 18. Rxa8 Qxa8 19. b3 Qc6 20. bxc4 bxc4 21. Rc1
Ba3 22. Ra1 Be7 23. Rc1 Ba3 24. Ra1 Be7 25. Rc1 1/2-1/2

[Event "Magnus Carlsen Inv Prelim"]
[Site "chess24.com INT"]
[Date "2021.03.13"]
[Round "3.1"]
[White "Pichot, Alan"]
[Black "Giri, Anish"]
[Result "0-1"]
[WhiteTitle "GM"]
[BlackTitle "GM"]
[WhiteElo "2630"]
[BlackElo "2776"]
[WhiteFideId "110973"]
[BlackFideId "24116068"]
[EventDate "2021.03.13"]

1. e4 c5 2. Nf3 d6 3. d4 cxd4 4. Nxd4 Nf6 5. Nc3 a6 6. Bg5 e6 7. f4 Nbd7 8. Qe2
Qc7 9. O-O-O b5 10. a3 Be7 11. Bxf6 Nxf6 12. g4 Nd7 13. g5 Rb8 14. h4 b4 15.
axb4 Rxb4 16. f5 Nc5 17. Bh3 Qb6 18. fxe6 fxe6 19. Rhf1 Rxb2 20. Qf3 Rb4 21.
Qf7+ Kd8 22. Qxg7 Re8 23. Rf7 Bd7 24. Rxe7 Rxe7 25. Qf6 Qa5 26. Qf8+ Kc7 27.
Qxe7 Qa3+ 28. Kd2 Rxd4+ 29. Ke2 Qxc3 30. Rxd4 Qxd4 31. Qxh7 Nxe4 0-1

[Event "Magnus Carlsen Inv Prelim"]
[Site "chess24.com INT"]
[Date "2021.03.13"]
[Round "3.2"]
[White "So, Wesley"]
[Black "Radjabov, Teimour"]
[Result "1/2-1/2"]
[WhiteTitle "GM"]
[BlackTitle "GM"]
[WhiteElo "2770"]
[BlackElo "2765"]
[WhiteFideId "5202213"]
[BlackFideId "13400924"]
[EventDate "2021.03.13"]

1. e4 e5 2. Nf3 Nc6 3. Bc4 Bc5 4. c3 Nf6 5. d3 O-O 6. O-O d5 7. exd5 Nxd5 8. Re1
Nb6 9. Bb3 Bg4 10. h3 Bh5 11. Nbd2 Qxd3 12. Nxe5 Qf5 13. Nef3 Rad8 14. Qe2 Nd5
15. Ne4 Bxf3 16. Qxf3 Qxf3 17. gxf3 Bb6 18. Bg5 Nde7 19. a4 a5 20. Rad1 Rxd1 21.
Rxd1 h6 22. Bxe7 Nxe7 23. f4 Ng6 24. f5 Ne5 25. Kg2 Re8 26. f4 Nc6 27. Kf3 Rd8
28. Rxd8+ Nxd8 29. Nd2 c6 30. Ke4 Kf8 31. Ba2 Ke7 32. b4 Bc7 33. Nb3 axb4 34.
cxb4 Bd6 35. b5 cxb5 36. axb5 b6 37. Nd4 Bc7 38. Bd5 g6 39. h4 Kf6 40. fxg6 fxg6
41. Kf3 g5 42. fxg5+ hxg5 43. hxg5+ Kxg5 44. Ne6+ Nxe6 45. Bxe6 Kf6 46. Bc8 Ke5
47. Ba6 Bd8 48. Kg2 Bc7 49. Kf3 Bd8 50. Kg2 Bc7 51. Kf3 1/2-1/2

[Event "Magnus Carlsen Inv Prelim"]
[Site "chess24.com INT"]
[Date "2021.03.13"]
[Round "3.3"]
[White "Aronian, Levon"]
[Black "Karjakin, Sergey"]
[Result "1-0"]
[WhiteTitle "GM"]
[BlackTitle "GM"]
[WhiteElo "2781"]
[BlackElo "2757"]
[WhiteFideId "13300474"]
[BlackFideId "14109603"]
[EventDate "2021.03.13"]

1. d4 Nf6 2. Nf3 d5 3. Bf4 Bf5 4. c4 e6 5. Qb3 Nc6 6. Nbd2 Na5 7. Qa4+ c6 8.
cxd5 b5 9. Qd1 exd5 10. g3 Nc4 11. b3 Nxd2 12. Bxd2 Be4 13. Bh3 Ba3 14. O-O O-O
15. Ne5 Bb2 16. Nxc6 Qb6 17. Rc1 Bxc1 18. Qxc1 Rfe8 19. Ba5 Qb7 20. f3 Bg6 21.
Ne5 b4 22. Qd2 Rab8 23. Rc1 h6 24. Nc6 Ra8 25. Bxb4 Nd7 26. Na5 Qa6 27. Bxd7
Rxe2 28. Rc6 Rxd2 29. Rxa6 Rxa2 30. Rd6 Kh7 31. Rxd5 Rb8 32. Rb5 Ra1+ 33. Kf2
Ra2+ 34. Ke3 1-0

[Event "Magnus Carlsen Inv Prelim"]
[Site "chess24.com INT"]
[Date "2021.03.13"]
[Round "3.6"]
[White "Van Foreest, Jorden"]
[Black "Grandelius, Nils"]
[Result "0-1"]
[WhiteTitle "GM"]
[BlackTitle "GM"]
[WhiteElo "2701"]
[BlackElo "2670"]
[WhiteFideId "1039784"]
[BlackFideId "1710400"]
[EventDate "2021.03.13"]

1. e4 c5 2. Nf3 d6 3. Bc4 Nf6 4. Nc3 e6 5. d4 cxd4 6. Qxd4 Nc6 7. Qd3 a6 8. Bf4
b5 9. Bb3 Ra7 10. O-O-O Rd7 11. Ng5 e5 12. Be3 h6 13. Nf3 Na5 14. Bd5 Be7 15. a3
O-O 16. Ba2 Bb7 17. Nh4 Nc4 18. Nf5 Nxe3 19. Qxe3 Kh7 20. Kb1 a5 21. Nd5 Bxd5
22. Bxd5 Qc7 23. Qb3 g6 24. Ne3 Kg7 25. Qxb5 Rb8 26. Qa4 Qa7 27. Bb3 Bd8 28. Nc4
Nxe4 29. Qc6 Nxf2 30. Nxd6 Nxd1 31. Rxd1 Rbb7 32. Rf1 Qb6 33. Qd5 a4 34. Qxe5+
f6 35. Ne8+ Kh7 36. Nxf6+ Bxf6 37. Rxf6 Qg1+ 38. Ka2 axb3+ 39. cxb3 Rd1 40. b4
Ra1+ 41. Kb3 Qd1+ 0-1

[Event "Magnus Carlsen Inv Prelim"]
[Site "chess24.com INT"]
[Date "2021.03.13"]
[Round "3.7"]
[White "Vachier-Lagrave, Maxime"]
[Black "Anton Guijarro, David"]
[Result "1-0"]
[WhiteTitle "GM"]
[BlackTitle "GM"]
[WhiteElo "2758"]
[BlackElo "2673"]
[WhiteFideId "623539"]
[BlackFideId "2285525"]
[EventDate "2021.03.13"]

1. c4 Nf6 2. g3 e6 3. Bg2 d5 4. Nf3 d4 5. e3 c5 6. exd4 cxd4 7. O-O Nc6 8. d3 h6
9. Na3 Bxa3 10. bxa3 O-O 11. Bf4 Ng4 12. Bd2 e5 13. Bb4 Re8 14. Nd2 Nf6 15. Ne4
Nxe4 16. Bxe4 Bh3 17. Re1 Qd7 18. Rb1 Kh8 19. Bd2 Rab8 20. Rb3 Bg4 21. Qc1 f5
22. Bd5 f4 23. gxf4 Be6 24. Bf3 Rf8 25. Rb5 Rf6 26. Qd1 a6 27. Rc5 exf4 28. Kh1
Re8 29. Rg1 Bf7 30. Be4 Ne5 31. Qc1 g5 32. Qb2 b6 33. Rd5 Bxd5 34. cxd5 Kg8 35.
Qxd4 Qh3 36. d6 f3 37. Bc3 Kg7 38. Bc6 Ree6 39. Bd5 Re8 40. Qe4 Qf5 41. d7 Nxd3
42. Bxf6+ Kxf6 43. dxe8=N+ Kg6 44. Bf7+ 1-0

[Event "Magnus Carlsen Inv Prelim"]
[Site "chess24.com INT"]
[Date "2021.03.13"]
[Round "4.1"]
[White "Giri, Anish"]
[Black "Carlsen, Magnus"]
[Result "1-0"]
[WhiteTitle "GM"]
[BlackTitle "GM"]
[WhiteElo "2776"]
[BlackElo "2847"]
[WhiteFideId "24116068"]
[BlackFideId "1503014"]
[EventDate "2021.03.13"]

1. e4 c5 2. Nf3 g6 3. d4 cxd4 4. Nxd4 Nc6 5. c4 Nf6 6. Nc3 d6 7. Be2 Nxd4 8.
Qxd4 Bg7 9. O-O O-O 10. Qd3 a5 11. Be3 Bd7 12. Bd4 Bc6 13. b3 Nd7 14. Bxg7 Kxg7
15. Qd4+ Kg8 16. Rfd1 Qb6 17. Qxb6 Nxb6 18. f4 f5 19. exf5 Rxf5 20. g3 g5 21.
Bd3 Rc5 22. Re1 Re8 23. Ne4 Bxe4 24. Rxe4 gxf4 25. Rxf4 Nd7 26. Re1 Ne5 27. Be4
b5 28. cxb5 Rxb5 29. Rh4 Rb4 30. Bxh7+ Kg7 31. Be4 a4 32. bxa4 Rxa4 33. Re2 Rh8
34. Rxh8 Kxh8 35. Bd5 Ra5 36. Bb3 Nc6 37. Rd2 Kg7 38. Kg2 Ne5 39. h3 Nd7 40. Re2
Kf8 41. Rf2+ Nf6 42. g4 Kg7 43. Rf4 d5 44. g5 Ne4 45. Bxd5 Nxg5 46. Bb3 e5 47.
Ra4 Rc5 48. Rc4 Ra5 49. h4 Ne6 50. Ra4 Nf4+ 51. Kf3 Rc5 52. Rc4 Ra5 53. Rc7+ Kh6
54. Bc2 Ra3+ 55. Kg4 Nd3 56. Kf5 Nb4 57. Be4 Rxa2 58. Kg4 1-0

[Event "Magnus Carlsen Inv Prelim"]
[Site "chess24.com INT"]
[Date "2021.03.13"]
[Round "4.3"]
[White "Grandelius, Nils"]
[Black "Vachier-Lagrave, Maxime"]
[Result "1/2-1/2"]
[WhiteTitle "GM"]
[BlackTitle "GM"]
[WhiteElo "2670"]
[BlackElo "2758"]
[WhiteFideId "1710400"]
[BlackFideId "623539"]
[EventDate "2021.03.13"]

1. e4 c6 2. d4 d5 3. exd5 cxd5 4. Bd3 Nf6 5. h3 g6 6. Nf3 Bg7 7. O-O O-O 8. c3
Qc7 9. Re1 Nc6 10. Be3 Re8 11. Nbd2 Bd7 12. Rc1 Rac8 13. Nb3 Ne4 14. Bxe4 dxe4
15. Ng5 f5 16. Nc5 Nd8 17. Qb3+ Kh8 18. d5 b6 19. Nxd7 Qxd7 20. Rcd1 Bf6 21. Ne6
Nf7 22. Bd4 Nd6 23. Bxf6+ exf6 24. Qc2 Nb7 25. c4 Nc5 26. Nxc5 bxc5 27. Qc3 Qd6
28. a3 Kg7 29. b4 Re7 30. bxc5 Rxc5 31. Rc1 Rec7 32. Red1 h5 33. Qd4 h4 34. a4
g5 35. Qe3 Re7 36. Qd4 Kg6 37. Re1 Rec7 38. f3 Qg3 39. fxe4 f4 40. Rf1 Qe3+ 41.
Qxe3 fxe3 42. Rce1 Rxc4 43. Rxe3 Rxa4 44. e5 fxe5 45. Rxe5 Ra6 46. Rff5 Rc1+ 47.
Kh2 Raa1 48. Rxg5+ Kf7 49. Rgf5+ Kg6 1/2-1/2

[Event "Magnus Carlsen Inv Prelim"]
[Site "chess24.com INT"]
[Date "2021.03.13"]
[Round "4.4"]
[White "Mamedyarov, Shakhriyar"]
[Black "Van Foreest, Jorden"]
[Result "1-0"]
[WhiteTitle "GM"]
[BlackTitle "GM"]
[WhiteElo "2770"]
[BlackElo "2701"]
[WhiteFideId "13401319"]
[BlackFideId "1039784"]
[EventDate "2021.03.13"]

1. e4 e5 2. Nc3 Nf6 3. d4 exd4 4. Qxd4 Nc6 5. Qd3 Bc5 6. Bf4 O-O 7. f3 d5 8.
Nxd5 Nxd5 9. Qxd5 Qxd5 10. exd5 Re8+ 11. Ne2 Nb4 12. O-O-O Bf5 13. Ng3 Bxc2 14.
a3 Bxd1 15. axb4 Bxb4 16. Kxd1 Re1+ 17. Kc2 Rd8 18. Bc4 Rxh1 19. Nxh1 Bd6 20.
Bxd6 Rxd6 21. Nf2 Kf8 22. Kc3 Ke7 23. b4 Rh6 24. Ng4 Rh5 25. h3 c6 26. Kd4 f6
27. f4 cxd5 28. Be2 Rh4 29. Bf1 Ke6 30. g3 Rh5 31. Ne3 b6 32. g4 Rh6 33. Nf5 Rg6
34. b5 h5 35. Be2 hxg4 36. hxg4 1-0

[Event "Magnus Carlsen Inv Prelim"]
[Site "chess24.com INT"]
[Date "2021.03.13"]
[Round "4.7"]
[White "Radjabov, Teimour"]
[Black "Aronian, Levon"]
[Result "1/2-1/2"]
[WhiteTitle "GM"]
[BlackTitle "GM"]
[WhiteElo "2765"]
[BlackElo "2781"]
[WhiteFideId "13400924"]
[BlackFideId "13300474"]
[EventDate "2021.03.13"]

1. d4 Nf6 2. c4 e6 3. Nf3 d5 4. Nc3 Bb4 5. Bg5 h6 6. Bxf6 Qxf6 7. e3 O-O 8. Rc1
Nc6 9. Qb3 a5 10. a3 a4 11. Qc2 Ba5 12. cxd5 exd5 13. Be2 Bf5 14. Qd1 Ne7 15.
O-O Bxc3 16. Rxc3 Qb6 17. b4 axb3 18. Rxb3 Qa7 19. Qd2 b6 20. Rc1 c5 21. dxc5
bxc5 22. Rbc3 c4 23. Nd4 Bg6 24. h3 Rfb8 25. Bf3 Qa5 26. Ne2 Rb3 27. Nf4 Rd8 28.
Nxg6 Nxg6 29. Rd3 Qxd2 30. Rxd2 Ne5 31. Rcd1 c3 32. Rc2 Rxa3 33. Bxd5 Kf8 34. e4
Nc6 35. Rcc1 Rc8 36. Bxc6 Rxc6 37. Rd3 g5 38. Rc2 Ke7 39. g4 Ke6 40. f3 Rb3 41.
Kf1 Rc5 42. Ke2 Rb2 43. Rxb2 cxb2 44. Rb3 Rc2+ 45. Kd3 Rh2 46. Kd4 Kd6 47. Rb6+
Kc7 48. Rb3 Kc6 49. Rb8 Rxh3 50. Rxb2 Rxf3 51. Rh2 Rf6 52. Ke5 Re6+ 53. Kf5 Kd6
54. Rd2+ Ke7 55. e5 Ra6 56. Rh2 Kf8 57. Rh1 Kg7 58. Rf1 Rb6 59. Rf2 Rb1 60. Rf3
Rb4 61. Rf1 Rb5 62. Ra1 Rb4 63. Rf1 Kf8 64. Rf2 Ke7 65. Rf1 Rb5 66. Ra1 Rb2 67.
Rf1 Ra2 68. Rf3 Ra1 69. Rf2 Re1 70. Rf3 Kf8 71. Rf2 Kg7 72. Rf3 Ra1 73. Rf2 Ra5
74. Rb2 Rc5 75. Ra2 Rc4 76. Rf2 Kf8 77. Rf3 Ke7 78. Rf2 Rd4 79. Rf1 Ra4 80. Rf2
f6 81. exf6+ Kf7 82. Rb2 Rf4+ 83. Ke5 Rxf6 84. Rb4 Kg6 85. Ra4 Rf7 86. Ra6+ Kg7
87. Ra8 Kh7 88. Rb8 Kg7 89. Ra8 Re7+ 90. Kf5 Rb7 91. Ke4 Rf7 92. Ke5 1/2-1/2

[Event "Magnus Carlsen Inv Prelim"]
[Site "chess24.com INT"]
[Date "2021.03.13"]
[Round "4.8"]
[White "Pichot, Alan"]
[Black "So, Wesley"]
[Result "0-1"]
[WhiteTitle "GM"]
[BlackTitle "GM"]
[WhiteElo "2630"]
[BlackElo "2770"]
[WhiteFideId "110973"]
[BlackFideId "5202213"]
[EventDate "2021.03.13"]

1. e4 e5 2. Nf3 Nc6 3. Bc4 Bc5 4. c3 Nf6 5. d4 exd4 6. e5 d5 7. Bb5 Ne4 8. cxd4
Bb6 9. Nc3 O-O 10. Be3 Bg4 11. h3 Bh5 12. Qc2 Ba5 13. O-O Bxf3 14. gxf3 Ng5 15.
Kg2 Bxc3 16. bxc3 Ne6 17. f4 f5 18. Qa4 Qh4 19. Bxc6 bxc6 20. Qxc6 Rae8 21. Qxd5
g5 22. f3 Kh8 23. Kh2 Rb8 24. Qxe6 Rb2+ 25. Rf2 Rxf2+ 26. Bxf2 Qxf2+ 27. Kh1
Qxf3+ 28. Kh2 Qxf4+ 29. Kh1 Qf3+ 30. Kh2 g4 31. hxg4 fxg4 32. Qh6 g3+ 33. Kh3
Rf5 34. Kh4 Rf4+ 35. Kh3 Qg4+ 36. Kg2 Qe2+ 37. Kxg3 Rf3+ 0-1

[Event "Magnus Carlsen Inv Prelim"]
[Site "chess24.com INT"]
[Date "2021.03.13"]
[Round "5.1"]
[White "So, Wesley"]
[Black "Giri, Anish"]
[Result "0-1"]
[WhiteTitle "GM"]
[BlackTitle "GM"]
[WhiteElo "2770"]
[BlackElo "2776"]
[WhiteFideId "5202213"]
[BlackFideId "24116068"]
[EventDate "2021.03.13"]

1. e4 e5 2. Nf3 Nc6 3. Bc4 Bc5 4. c3 Nf6 5. d3 d6 6. O-O O-O 7. Re1 a6 8. h3 Ba7
9. a4 h6 10. Nbd2 Re8 11. Qc2 Be6 12. Bxe6 Rxe6 13. b4 Qd7 14. Rb1 Rd8 15. b5
Ne7 16. d4 Ng6 17. Nf1 axb5 18. Rxb5 c6 19. Rb3 d5 20. exd5 cxd5 21. dxe5 Ne4
22. Be3 Qxa4 23. Qb2 Bxe3 24. Nxe3 Nc5 25. Rb4 Qe8 26. Rd1 Nxe5 27. Nxe5 Rxe5
28. c4 d4 29. Rxd4 Rxe3 0-1

[Event "Magnus Carlsen Inv Prelim"]
[Site "chess24.com INT"]
[Date "2021.03.13"]
[Round "5.2"]
[White "Aronian, Levon"]
[Black "Pichot, Alan"]
[Result "1-0"]
[WhiteTitle "GM"]
[BlackTitle "GM"]
[WhiteElo "2781"]
[BlackElo "2630"]
[WhiteFideId "13300474"]
[BlackFideId "110973"]
[EventDate "2021.03.13"]

1. c4 Nf6 2. Nc3 e6 3. e4 d5 4. cxd5 exd5 5. e5 Ne4 6. Nf3 Bf5 7. Be2 Be7 8. O-O
O-O 9. d4 c5 10. Be3 Nc6 11. dxc5 Nxc3 12. bxc3 Be4 13. Qb3 Qc7 14. Rfd1 Rab8
15. Nd4 Qxe5 16. Qa4 Qf6 17. f3 Bg6 18. Nxc6 bxc6 19. Bd4 Qe6 20. Bf1 Qd7 21. c4
Rfd8 22. cxd5 Qxd5 23. Bf2 Qe6 24. Re1 Qf6 25. Rad1 Bf8 26. Rxd8 Rxd8 27. Qxa7
Rd2 28. Re8 Rd8 29. Rxd8 Qxd8 30. Qa4 Qd5 31. Qb3 Qd2 32. a3 h5 33. Qe3 Qd1 34.
h4 Kh7 35. Qd4 Qb1 36. Qd8 Qc1 37. Qxf8 Bd3 38. Bd4 Qxf1+ 39. Kh2 f6 40. Bxf6
gxf6 41. Qf7+ Kh6 42. Qxf6+ Bg6 43. Qh8+ Bh7 44. Qf8+ Kg6 45. Qe8+ Kg7 46. Qe5+
Kf7 47. Qxh5+ Bg6 48. Qe5 Qf2 49. Kh3 Qc2 50. h5 Bf5+ 51. Kg3 Be6 52. Qf4+ Ke7
53. Qg5+ Kf7 54. h6 Qc3 55. h7 Qh8 56. Qh5+ Ke7 57. a4 Kd7 58. Qh6 Bd5 59. Qd6+
Kc8 60. Qe7 Kb8 61. Kf4 Qd4+ 62. Kf5 Qh8 63. Qe5+ 1-0

[Event "Magnus Carlsen Inv Prelim"]
[Site "chess24.com INT"]
[Date "2021.03.13"]
[Round "5.5"]
[White "Van Foreest, Jorden"]
[Black "Nepomniachtchi, Ian"]
[Result "1-0"]
[WhiteTitle "GM"]
[BlackTitle "GM"]
[WhiteElo "2701"]
[BlackElo "2789"]
[WhiteFideId "1039784"]
[BlackFideId "4168119"]
[EventDate "2021.03.13"]

1. e4 g6 2. d4 Bg7 3. Nf3 d6 4. Be3 a6 5. c4 Nc6 6. h3 e5 7. d5 Nce7 8. Nc3 f5
9. g4 Nf6 10. gxf5 gxf5 11. Rg1 O-O 12. Bd3 Kh8 13. Qc2 f4 14. Bd2 c6 15. O-O-O
b5 16. c5 b4 17. Na4 cxd5 18. exd5 Nexd5 19. Ng5 Bd7 20. Bc4 Rc8 21. Bxd5 Bxa4
22. Qxa4 Nxd5 23. Kb1 Qf6 24. Qc2 Qh6 25. c6 Ne7 26. Bxb4 Rxc6 27. Rxd6 Rxc2 28.
Rxh6 Bxh6 29. Kxc2 Rc8+ 30. Kd3 Rd8+ 31. Ke2 Bxg5 32. Rxg5 Ng6 33. Bc3 Kg8 34.
h4 Kf7 35. Rh5 Ke6 36. Rxh7 e4 37. Rh6 Kf5 38. Rh5+ Ke6 39. Rh6 Kf5 40. Rh5+ Ke6
41. Rg5 Nxh4 42. Re5+ Kf7 43. Rxe4 Ng6 44. Kf3 Rd6 45. Rc4 Ke6 46. Ke4 Rb6 47.
Bd4 Rd6 48. Rc7 Nh4 49. b4 Nf5 50. Bc5 Rd2 51. Rc6+ Kd7 52. Rxa6 Nh4 53. Kxf4
Ng2+ 54. Ke4 Ne1 55. b5 Rb2 56. Ra7+ Kc8 57. a4 1-0